• 首页
  • 本馆介绍
  • 公告通知
  • 最新文献
  • 馆藏检索
  • 电子资源
  • 读者导购
  • 参考咨询
  • 我的图书馆
  • 登录
  • 详细信息显示
  • 放入我的书架
  • 预约/预借图书
  • 作者相关作品
  • 分类相关作品
  • 丛书相关作品
  • 出版社相关作品

书目信息

  • 表格格式
  • 工作单格式
  • 卡片格式
题名:
直交函数级数的和
    
 
作者: 陈建功, 著
分册:  
出版信息: 北京   科学出版社  2018重印
页数: 178页
开本: 25cm
丛书名: 中国科学技术经典文库
单 册:
中图分类: O174.21
科图分类:
主题词: 正交级数--zheng jiao ji shu
电子资源:
ISBN: 978-7-03-028478-5
000 00913nam 2200277 45
001 012001001544
005 20140108134719.0
010    @a978-7-03-028478-5@b精装@dCNY79.00
099    @aCAL 012010232550
100    @a20101101d1954 em y0chiy0121 ea
101 0  @achi
102    @aCN@b110000
105    @ay a 000yy
106    @ar
200 1  @a直交函数级数的和@Azhi jiao han shu ji shu de he@f陈建功著
210    @a北京@c科学出版社@d2018重印
215    @a178页@d25cm
225 2  @a中国科学技术经典文库@Azhong guo ke xue ji shu jing dian wen ku@i数学卷
306    @a2010年8月第二次印刷
320    @a有书目 (第177-178页)
410  0 @12001@a中国科学技术经典文库@i数学卷
606 0  @a正交级数@Azheng jiao ji shu
690    @aO174.21@v4
701  0 @a陈建功,@AChen Jiangong@f1893-1971@4著@3CAL n2004288264#@7jt0yjt0y@7ec0yec0y
801  0 @aCN@b北京卓展@c20191020
905    @b1202110-3@dO174.21@e238@f4
    
    直交函数级数的和/陈建功著.-北京:科学出版社,2018重印
    178页;25cm.-(中国科学技术经典文库.数学卷)
    
    
    ISBN 978-7-03-028478-5(精装):CNY79.00
    
●
相关链接 在E读中查询图书 在五车中查询图书 在当当中查询图书 在豆瓣中查询图书


正题名:直交函数级数的和     索取号:O174.21/238         预约/预借

序号 登录号 条形码 馆藏地/架位号 状态 备注
1 1202110   212021104   第二样本阅览室/ [索取号:O174.21/238] 在馆    
2 1202111   212021113   第三借阅区/ [索取号:O174.21/238] 在馆    
3 1202112   212021122   第三借阅区/ [索取号:O174.21/238] 在馆    
4 1202113   212021131   第三借阅区/ [索取号:O174.21/238] 在馆    
唐山师范学院图书馆 欢迎您!
大连网信软件有限公司© 版权所有